| 000 | 00558nam a2200145 a 4500 | ||
|---|---|---|---|
| 008 | 120416s1959 ||||||||||||||||| || u | ||
| 050 | _aHB 903.F4 Bac | ||
| 100 | _aBack, Kurt W | ||
| 245 | 1 | 4 | _aThe survey under unusual conditions |
| 246 | _athe Jamaica human fertility investigation | ||
| 260 |
_aNew York _bSociety for Applied Anthropology _c1959 |
||
| 350 | _a0.00 | ||
| 650 | _aHUMAN FERTILITY | ||
| 995 |
_D0.00 _FCBU-MAIN LIBRARY (Kitwe) _H1 _I0.00 _M1 _UAVAILABLE _ZAnnex Low-Usage Collection |
||
| 999 |
_c59184 _d59184 |
||